Les Aventures de Tintin - Décodeur - Statistiques

Statistiques générales
  • Ce quiz a été pris 12 316 fois
  • Le résultat moyen est 19 sur 36
Statistiques - réponses
Indice Réponse % Correct
M « _____ et bouche cousue : c'est notre devise » Motus
91%
B Nationalité de Tintin Belge
90%
N Tintin au pays de l'or... Noir
90%
C Colonie belge visitée par Tintin Congo belge
88%
N Il astique Moulinsart Nestor
81%
A Elle orne le pull du capitaine Ancre
80%
C Décapode aux pinces d'or Crabe
75%
M « Ah, je ris de me voir si belle en ce … » Miroir
74%
O On le fume au Lotus Bleu Opium
73%
S Destination du Vol 714 Sydney
73%
O Mets de choix pour Milou Os
72%
S Celui du professeur a une forme de requin Sous-marin
72%
L Navire du Chevalier de Hadoque La Licorne
66%
H Papa de Tintin Hergé
60%
E Phénomène qui sauva la vie de Tintin, au Pérou Éclipse
59%
O BOUM, PAF ou BANG, par exemple Onomatopée
58%
A La BD en est le neuvième Art
57%
I Pays de Rawajpoutalah Inde
57%
T Fut recueilli par le yéti Tchang
54%
E Titre de Ben Kalish Ezab Émir
53%
U Premier pays sur lequel Tintin a enquêté Union Soviétique
53%
T Tournesol, pour les intimes Tryphon
51%
A Enfant roi turbulent et farceur Abdallah
45%
R Milanais, quand il s'agit de Bianca Rossignol
45%
A Prénom du capitaine Archibald
44%
P Révolutionnaires menés par Alcazar Picaros
40%
S Royaume de Muskar XII Syldavie
35%
A Lieutenant du Karaboudjan Allan
34%
E Jeu préféré d'Alcazar (après la révolution) Échecs
34%
E Elle fut volée par une pie Émeraude
34%
N Patrie de Tharkey Népal
31%
Citation : « Non, Madame, ce n'est pas la boucherie Sanzot ! »
18%
Z Guide vers le Temple du Soleil Zorrino
17%
D Fils de monsieur Wang Didi
16%
E Profession de Siclone Égyptologue
15%
N Voisin fictif du San Theodoros {Nuevo} {Rico}
6%
Aucun quiz correspondant
Distribution des résultats
% des personnes avec chaque résultat
Percentile par nombre de réponses
Votre historique - résultats
Vous n’avez pas pris ce quiz